header

Finance and banking developments (Record no. 167254)

MARC details
000 -LEADER
fixed length control field 01324nam a2200349Ia 4500
082 04 - DEWEY DECIMAL CLASSIFICATION NUMBER
Classification number 332
245 00 - TITLE STATEMENT
Title Finance and banking developments
260 ## - PUBLICATION, DISTRIBUTION, ETC. (IMPRINT)
Place of publication New York :
Name of publisher Nova Science Publishers,
Year of publication c2010.
300 ## - PHYSICAL DESCRIPTION
Number of Pages xii, 342 p. :
Other physical details ill. (some col.), map.
490 1# - SERIES STATEMENT
Series statement Banking and banking developments
650 #0 - SUBJECT ADDED ENTRY--TOPICAL TERM
Topical Term Finance.
Topical Term Banks and banking.
700 1# - ADDED ENTRY--PERSONAL NAME
Personal name Karsone, Charles V.
856 40 - ELECTRONIC LOCATION AND ACCESS
Uniform Resource Identifier http://site.ebrary.com/lib/rucke/Doc?id=10658894

No items available.

© 2026 Rongo University
Contact us: librarian | system librarian | Rongo university